000 00764cab a2200193 4500
001 WB2338-16
008 090401t1987 xxu||||| |||| 00| 0 eng d
035 _a(Sirsi) u7025
041 _aeng
245 _aScience parks
260 _c1987
350 _a0
490 _aFinancial Times
_v24/9/87 (6) LOAN
520 _aComprehensive survey on Britain`s science parks . Includes sections on the funding of the parks and their links between higher education and industry. Lists existing UK science parks and those now under construction, includes a case study on Belasis Hall Technology Park in Teesside . Reports on developments in the United States .
650 _aHIGH TECHNOLOGY
690 _aPLANNING LAW AND PRACTICE
942 _n0
948 _c04/03/1997
999 _c4184
_d4184